Quizzes
Events
Quiz Creation
Community
Videos
Private Events
Remove Ads
Sign In
Join for FREE
Feedback
Dark Mode
Quiz Categories
Sports
Geography
Music
Movies
Television
Just For Fun
Miscellaneous
History
Literature
Language
Science
Gaming
Entertainment
Religion
Holiday
For Kids
Quiz Lab
Recent
Popular Today
Quiz Kudos Today
Editor Picks
Curator Picks
Quizzes by...
Day
Popularity
Type
Ratings
Length
Year
Community
Subscriptions
Recent Discussions
Orange Saloon
Badges
Playlists
Quests
Create
Leaderboards
Showdown
Live 5
Trivia Bingo
Activity
Puzzle Library
Sporcle Events
Private Events
Virtual Trivia
Globe League
Become a Host
Pub Owners
SporcleCon
Opinionation
Our Games
Videos
Blog
Mobile Apps
Partnerships
Remove Ads and Go Orange
Feedback
Sports
Athletes
MLB
NBA
NHL
NFL
Soccer
Sports Teams
WWE
NCAA
Football
Premier League
Basketball
Baseball
Hockey
Golf
Tennis
Cricket
Rugby
Auto Racing
Olympics
World Cup
Sports
Athletes
MLB
NBA
NHL
NFL
Soccer
Sports Teams
WWE
NCAA
Football
Premier League
Basketball
Baseball
Hockey
Golf
Tennis
Cricket
Rugby
Auto Racing
Olympics
World Cup
Random Quiz
Search Sporcle
×
Quiz Lab
Quiz Lab
Sports
Canada
Type in answers that appear in a list
Type in answers that appear in a list
Classic
Best Score? Go Orange.
2010 Olympics Canada Roster Stats
Can you name the 2010 Olympics Canada Roster?
By
TheBlackJett
13m
23 Questions
184 Plays
184 Plays
184 Plays
Comments
Comments
Give Quiz Kudos
Give Quiz Kudos
-
- Ratings
hide this ad
More Info
Replay
Link that replays current quiz
Next Quiz
Link to next quiz in quiz playlist
You Got
0%
They Got
Avg Score
81%
Avg Friend Score
Upgrade to see
Score Distribution
Jump to the score distribution portion of the page
Score
0/23
Timer
13:00
0
Plays Today
Position
Player
% Correct
Goaltender
Martin Brodeur
95.1%
Goaltender
Roberto Luongo
94%
Forward
Sidney Crosby
94%
Goaltender
Marc-Andre Fleury
90.2%
Forward
Rick Nash
87%
Forward
Jarome Iginla
86.4%
Forward
Jonathan Toews
85.3%
Forward
Joe Thornton
85.3%
Forward
Eric Staal
84.2%
Defenseman
Chris Pronger
83.7%
Forward
Patrick Marleau
81.5%
Forward
Mike Richards
81%
Position
Player
% Correct
Defenseman
Scott Niedermayer
80.4%
Defenseman
Shea Weber
79.3%
Defenseman
Duncan Keith
78.8%
Forward
Corey Perry
78.8%
Forward
Ryan Getzlaf
78.3%
Defenseman
Drew Doughty
76.1%
Forward
Patrice Bergeron
75%
Forward
Dany Heatley
73.9%
Defenseman
Brent Seabrook
71.7%
Defenseman
Dan Boyle
71.7%
Forward
Brenden Morrow
65.8%
Quiz Playlist
Details
Report
Send in Message
Add To Playlist
More Info:
A Powerhouse Lineup
Classic:
Type in answers that appear in a list
Quiz Source
Last Updated: Feb 16, 2017
Quiz Scoreboard
CHALLENGE
Sign Up to Join the Scoreboard
Show All
Scores
Hide
Comments
May contain spoilers
Recently Published
Pick 6: Fruits
by JohnFran
Miscellaneous
15s
Click the 1999 NBA Draft
by nibperrychub
Sports
2m
Alphabetical 'K' Countries by Flag Minefield
by ylime102
Geography
3m
More to Explore
Quiz From the Vault
Featured Blog Post
15 Basketball Trivia Facts You Can Be March Mad About
hide this ad
You Might Also Like...
Tags
Canada Quiz
Football Quiz
Olympics Quiz
2010
2010 Olympics
domestic
Player
Roster
Today's Top Quizzes in Sports
Browse Sports
hide this ad
Today's Top Quizzes in Canada
Browse Canada
Top Contributed Quizzes in Sports
1
Les joueurs à 100 buts en Ligue 1 Uber Eats
2
Pick 6: NFL Teams
3
MLB 2 truths and a lie: Hall of Fame pitchers
4
Criteria MLB: Left Handed Sluggers
5
2022 World Cup Stars
6
Don't Strike Out: 3000 Strikeouts
7
Millionaire: NBA Finals Edition
8
Pick 6: Minor League Baseball
9
Click the 1998 NBA Draft
10
Pick 6: Olympics
Explore More
Trending Topics
NBA
Disney
Crossword
Anime
Kpop
Marvel
Harry Potter
The Office
Puzzle
NFL
WWE
Song
Soccer
Country
Pokémon
hide this ad
More By:
TheBlackJett
Quiz
Plays
Rating
Category
Featured
Created
NHL All-Time Leading Scorers in Finland
537
1.00
Sports
Dec 18, 2009
NHL All-Time Leading Scorers in Sweden
503
3.00
Sports
Dec 18, 2009
Finnish Won A Stanley Cup
296
2.00
Sports
Feb 22, 2010
2010 Olympics Sweden Roster
252
5.00
Sports
Jan 6, 2010
Russian Who won a Stanley Cup
234
1.00
Sports
Feb 27, 2010
Go to Creator's Profile
Score Distribution
Quiz Creator Spotlight
TheBlackJett
Follow
Send a Message
Quizzes Created
-
Created Quiz Play Count
-
More By This Creator
Popular Quizzes Today
1
Countries of Asia Without Outlines Minefield
2
Find the US States - No Outlines Minefield
3
Pick 6: Fruits
4
Alphabetical 'K' Countries by Flag Minefield
5
The Countries of the World
6
Find the US States
7
Match the Book to the Film X
8
US States
More Sports Quizzes
NBA Teams (Redux)
Published
Trending Quizzes
Pick 6: Harry Potter
Pick 6: Mountains
Pick 6: NFL Teams
Pick 6: Movie Franchises
Pick 6: Golfers
Recently Updated
NWSL Teams
pecheneg
Women's Final Four Teams by Year
bhenderson79
Presidents Quartet II
eogle
Anything But Clue(do)
eogle
Anything But Oceanian Capitals
eogle
Anything But 7
eogle
Anything But Thing
eogle
Word Ladder: February 29
pecheneg
Song Title Questions
pecheneg
Women's NCAA Tournament #1 Seeds
pecheneg
Trending Topics
Harry Potter
Anime
NBA
Kpop
Marvel
Crossword
Disney
Soccer
The Office
WWE
Puzzle
Song
Pokémon
Country
NFL
Your Account Isn't Verified!
In order to create a playlist on Sporcle, you need to verify the email address you used during registration. Go to your
Sporcle Settings
to finish the process.
Report this User
Report this user for behavior that violates our
Community Guidelines
.
Details:
Send Report
Go to the Sporcle.com Mobile Site →
Comments